| 000 | 00827nam a2200241Ia 4500 | ||
|---|---|---|---|
| 003 | OSt | ||
| 005 | 20221005112209.0 | ||
| 006 | a|||||r|||| 00| 0 | ||
| 007 | ta | ||
| 008 | 221004b |||||||| |||| 00| 0 pan d | ||
| 020 | _a8190427571 (hbk) | ||
| 024 | _a13407 | ||
| 037 |
_bGift, 16/09/2014, _cTextual |
||
| 040 |
_aCRL _cCRL _bpan |
||
| 041 |
_2pan _apan |
||
| 082 | _aV23671.P, 153Q0 | ||
| 100 | _aਕੋਛੜ, ਸੁਰਿੰਦਰ | ||
| 245 | 0 |
_aਅੰਮ੍ਰਿਤਸਰ _b ਆਰੰਭ ਤੋ੍ਵ ਅੱਜ ਤਕ |
|
| 260 |
_aਅੰਮ੍ਰਿਤਸਰ _bਪ੍ਰੀਮੀਅਰ ਪਬਲੀਕੇFਨ ਭਾਰਤ _c2010 |
||
| 300 |
_a270ਪੰ _ccm. |
||
| 942 |
_hV23671.P, 153Q0 _cTEXL _2cc |
||
| 999 |
_c1024158 _d1024158 |
||